LEADER 00984nam0-22003371i-450- 001 990002023940403321 005 20021010 010 $a83-01-05911-7 035 $a000202394 035 $aFED01000202394 035 $a(Aleph)000202394FED01 035 $a000202394 100 $a20021010d--------km-y0itay50------ba 101 0 $aita 200 1 $aColeoptera$eCucujoidea, I.$fBoleslaw Burakowski, Maciej Mroczkowski, Janina Stefanska. 210 $aVarsavia$cPantswowe Widawnictwo Nauko we$d1986 215 $a266 p.$d25 cm -(Katalogu Fauny Polski$d43) 610 0 $aColeotteri 610 0 $aColeotteri Cucujoidea 676 $a595.764 700 1$aBurakowski,$bBoleslaw$0360243 702 1$aMroczkowski,$bMaciej 702 1$aStefanska,$bJanina 801 0$aIT$bUNINA$gRICA$2UNIMARC 901 $aBK 912 $a990002023940403321 952 $a61 V A.6/104.12$b2872 (5/7/91)$fDAGEN 959 $aDAGEN 996 $aColeoptera$9404596 997 $aUNINA DB $aING01 LEADER 03300oam 2200685I 450 001 9910452532403321 005 20210827190221.0 010 $a0-203-04584-X 010 $a1-283-88604-9 010 $a1-136-34512-4 035 $a(CKB)2550000000710373 035 $a(EBL)1099270 035 $a(OCoLC)823389360 035 $a(SSID)ssj0000784564 035 $a(PQKBManifestationID)11501021 035 $a(PQKBTitleCode)TC0000784564 035 $a(PQKBWorkID)10783083 035 $a(PQKB)10915614 035 $a(MiAaPQ)EBC1099270 035 $a(Au-PeEL)EBL1099270 035 $a(CaPaEBR)ebr10639899 035 $a(CaONFJC)MIL419854 035 $a(OCoLC)822561489 035 $a(FlBoTFG)9780203045848 035 $a(EXLCZ)992550000000710373 100 $a20181122h20122002 uy 0 101 0 $aeng 135 $aur||####||||| 181 $ctxt 182 $cc 183 $acr 200 10$aWar, Science and Terrorism $eFrom Laboratory to Open Conflict /$fby Dr J Richardson 205 $aFirst edition. 210 1$aBoca Raton, FL :$cRoutledge,$d[2012]. 210 4$dİ2002. 215 $a1 online resource (353 p.) 300 $aTransferred to digital printing 2005. 311 $a0-7146-8269-1 311 $a0-7146-5312-8 320 $aIncludes bibliographical references (p. [329]-331) and index. 327 $aCover; WAR, SCIENCE and TERRORISM; Title Page; Copyright Page; Table of Contents; List of Figures and Tables; Foreword by Kenneth Macksey; Preface; Part I: Preparation for Conflict; 1 From Bows and Arrows to Missiles and Aircraft; 2 The Real Stakes in the Space Adventure are Military; 3 Slipping the Warrior beneath the Seas; 4 The German and Anglo-American Race to Nuclear Armament; 5 Russia and Other Powers Hurry to Catch up with the Nucleus; 6 Optimizing Human Resources: Procurement, Training, Management; Part II: Warfare and Its Management 327 $a7 Endologistics: Forts, Food, Feed, Fuel and Freight8 Exologistics: How the Natural Environment Conditions Battle; 9 Communicating, Commanding, Controlling ... and a Little Deception; 10 From Military Aviation's Radar to Computer Notebooks; 11 Military Medicine Saves Fighting Strength; 12 Simulating Strategy, Operations, Tactics; Part III: Behind the Action, and Wars to Come; 13 Who Are the Scientists Working with the Military?; 14 What Role for the Scientist in Future Wars?; Afterword; Select Bibliography; Index 330 3 $aDescribes the application of research to the evolution of weapons. It shows how natural, engineering, information and environmental sciences are exploited how even social science is applied to recruitment, battlefield and logistical management, and careful preparation of terroristic acts. 606 $aMilitary research 606 $aMilitary-industrial complex 606 $aTerrorism 606 $aWorld politics$y21st century 608 $aElectronic books. 615 0$aMilitary research. 615 0$aMilitary-industrial complex. 615 0$aTerrorism. 615 0$aWorld politics 676 $a355/.07 700 $aRichardson$b Jacques$091283 801 0$bFlBoTFG 801 1$bFlBoTFG 906 $aBOOK 912 $a9910452532403321 996 $aWar, Science and Terrorism$91946290 997 $aUNINA LEADER 01702oam 2200517 450 001 9910716028503321 005 20210526121313.0 035 $a(CKB)5470000002517822 035 $a(OCoLC)1150919660 035 $a(EXLCZ)995470000002517822 100 $a20200416d1936 ua 0 101 0 $aeng 135 $aurbn||||||||| 181 $ctxt$2rdacontent 182 $cc$2rdamedia 183 $acr$2rdacarrier 200 10$aConsiderations of the take-off problem /$fby Edwin P. Hartman 210 1$aWashington, [D.C.] :$cNational Advisory Committee for Aeronautics,$d1936. 215 $a1 online resource (10 pages, 7 unnumbered pages) $cillustrations 225 1 $aTechnical note / National Advisory Committee for Aeronautics ;$vNo. 557 300 $a"February 1936." 300 $aNo Federal Depository Library Program (FDLP) item number. 320 $aIncludes bibliographical references (page 10). 606 $aAirplanes$xTakeoff 606 $aPropellers 606 $aAeronautics$xResearch 606 $aAeronautics$xResearch$2fast 606 $aAirplanes$xTakeoff$2fast 606 $aPropellers$2fast 615 0$aAirplanes$xTakeoff. 615 0$aPropellers. 615 0$aAeronautics$xResearch. 615 7$aAeronautics$xResearch. 615 7$aAirplanes$xTakeoff. 615 7$aPropellers. 700 $aHartman$b Edwin Phelps$f1905-$01387124 712 02$aUnited States.$bNational Advisory Committee for Aeronautics, 801 0$bTRAAL 801 1$bTRAAL 801 2$bOCLCO 801 2$bOCLCF 801 2$bGPO 906 $aBOOK 912 $a9910716028503321 996 $aConsiderations of the take-off problem$93436625 997 $aUNINA